Quiz mathématique rapide - juste un petit - quiz 23 - Statistiques

Statistiques générales
  • Ce quiz a été pris 26 fois
  • Le résultat moyen est 11 sur 15
Statistiques - réponses
Hint Réponse % Correct
11 88
96%
7 56
88%
25 200
83%
34 272
83%
49 392
79%
54 432
79%
26 208
75%
39 312
71%
41 328
71%
17 136
67%
37 296
67%
63 504
67%
67 536
67%
69 552
67%
73 584
50%
Aucun quiz correspondant
Distribution des résultats
% des personnes avec chaque résultat
Percentile par nombre de réponses
Votre historique - résultats
Vous n’avez pas pris ce quiz